| 000 | 00495nam a2200157 i 4500 | ||
|---|---|---|---|
| 001 | 70091 | ||
| 003 | ES-MaACL | ||
| 005 | 20230906170721.0 | ||
| 007 | t| | ||
| 008 | 040716s1999 sp ||||1| spa d | ||
| 100 | 1 |
_aGarcía-Murga Alcántara, Juan. _955016 |
|
| 245 | 1 | 0 |
_aVisiones de historia y arte en Extremadura / _cJuan García-Murga Alcántara. |
| 260 |
_aMadrid : _b[s.n., _c1981] ( _fImp. Academia N. Politécnica) |
||
| 300 |
_a43 fol. ; _c25 cm. |
||
| 852 |
_aES-MaACL _jL-1391 _bR.102243 |
||
| 999 |
_c70091 _d70091 |
||